| 000 | 01871nam0a2200313 4500 | ||
|---|---|---|---|
| 001 | RU\NLR\bibl\916975 | ||
| 005 | 20250614185307.0 | ||
| 010 |
_a5-94789-135-2 _9500 |
||
| 021 |
_aRU _b2006-3807 _9172 |
||
| 035 | _a(NLR Aleph) 000905279 | ||
| 090 |
_a14983 _c14983 |
||
| 100 | _a20060316d2005 |||y0rusy50 ca | ||
| 101 | 0 | _arus | |
| 102 | _aRU | ||
| 105 | _aa ||||||||| | ||
| 200 | 1 |
_aИстория Тверской государственной медицинской академии и ее место в отечественной медицине _eучебное пособие _e[для студентов, изучающих отечественную историю, историю медицины и культурологию] _fГ.А. Улупова _gФедер. агентство по здравоохранению и социал. развитию, ГОУ ВПО Твер. ГМА Росздрава, Каф. философии и психологии с курсами биоэтики, культурологии и отечеств. истории |
|
| 210 |
_aТверь _cТриада _d2005 |
||
| 215 |
_a55 с. _cил., портр., факс. _d20 |
||
| 320 | _aБиблиогр.: с. 55 | ||
| 601 | 0 | 2 |
_aТверская государственная медицинская академия _jУчебные издания для высших учебных заведений _xИстория _92419389 _3RU\NLR\auth\661440924 |
| 686 | _aР.е(2)л31 Тверской.г.я73 | ||
| 700 | 1 |
_aУлупова _bГ. А. _gГалина Александровна _4070 |
|
| 801 | 0 |
_aRU _bNLR _c20060316 _grcr |
|
| 801 | 1 |
_aRU _bNLR _c20060316 |
|
| 830 | _aАвт. по ГАК | ||
| 942 | _cBOOK | ||
| 980 | _aNB | ||
| 980 | _aNBR | ||